000
00291nam a2200109Ia 4500
008
230907s9999||||xx |||||||||||||| ||und||
082
_a
658.1511
_b
BRE
100
_a
Brewer, Peter C.
_9
112556
245
0
_a
Introduction to managerial accounting /
300
_a
xxxii, 648 pages :
942
_c
BK
999
_c
601016
_d
601016